Statistiques concernant Scania

Cliquez ici pour prendre le quiz!

Statistiques générales

  • Ce quiz a été pris 4 fois
  • Le résultat moyen est 4 sur 15

Statistiques - réponses

Réponse% Correct
Citywide LF
67%
Citywide LFA
67%
OmniCity 12 I
67%
OmniCity 18 I
67%
OmniCity 12 II
33%
OmniCity 18 II
33%
OmniCity DD I
33%
OmniLink 12 I
33%
OmniLink 18 I
33%
Citywide LFDD
0%
Omnicity DD II
0%
OmniExpress
0%
OmniLine I
0%
Omniline II
0%
OmniLink 12 II
0%

Distribution des résultats

Percentile par nombre de réponses

% des personnes avec chaque résultat

Votre développement - résultats

Vous n’avez pas pris ce quiz